书目信息 |
| 题名: |
中国大学生非常兼职纪实
|
|
| 作者: | 韩光耀, 主编 | |
| 分册: | ||
| 出版信息: | 北京 中国画报出版社 2005.01 |
|
| 页数: | 330页 | |
| 开本: | 21cm | |
| 丛书名: | ||
| 单 册: | ||
| 中图分类: | I253.4 | |
| 科图分类: | ||
| 主题词: | 报告文学--bao gao wen xue--中国--当代 | |
| 电子资源: | ||
| ISBN: | 7-80024-802-X | |
| 000 | 00799nam0 2200217 450 | |
| 001 | 012007032352 | |
| 005 | 20070930161153.75 | |
| 010 | @a7-80024-802-X@dCNY20.80 | |
| 100 | @a20070805d2005 km y0chiy0120 ea | |
| 101 | 0 | @achi |
| 102 | @aCN@b110000 | |
| 105 | @ay z 000zy | |
| 200 | 1 | @a中国大学生非常兼职纪实@Azhong guo da xue sheng fei chang jian zhi ji shi@f韩光耀主编@Fhan guang yao zhu bian |
| 210 | @a北京@c中国画报出版社@d2005.01 | |
| 215 | @a330页@d21cm | |
| 330 | @a本书收集十余个大学生兼职的故事,展现了他们面对竞争所激发的能力和取得的业绩。包括:北大赵仪雪:传播思想者的声音,不屈的小女生在大三赚到30万等。 | |
| 606 | 0 | @a报告文学@Abao gao wen xue@y中国@z当代 |
| 690 | @aI253.4@v4 | |
| 701 | 0 | @a韩光耀,@Ahan guang yao@f1945- @4主编 |
| 801 | 0 | @aCN@c20070930 |
| 905 | @dI253.4@eH078 | |
| 中国大学生非常兼职纪实/韩光耀主编.-北京:中国画报出版社,2005.01 |
| 330页;21cm |
| ISBN 7-80024-802-X:CNY20.80 |
| 本书收集十余个大学生兼职的故事,展现了他们面对竞争所激发的能力和取得的业绩。包括:北大赵仪雪:传播思想者的声音,不屈的小女生在大三赚到30万等。 |
| ● |
| 相关链接 |
|
|
|
正题名:中国大学生非常兼职纪实
索取号:I253.4/H078
 
预约/预借
| 序号 | 登录号 | 条形码 | 馆藏地/架位号 | 状态 | 备注 |
| 1 | 256196 | 202561968 | 文学库108/108文学库 68排4列3层/ [索取号:I253.4/H078] | 在馆 | |
| 2 | 256197 | 202561977 | 文学库108/108文学库 68排4列3层/ [索取号:I253.4/H078] | 在馆 | |
| 3 | 256198 | 202561986 | 文学库108/108文学库 68排4列3层/ [索取号:I253.4/H078] | 在馆 |